[Event "Odessa"]
[Site "Odessa UKR"]
[Date "1976.??.??"]
[Round "6"]
[White "Savon, Vladimir A"]
[Black "Tukmakov, Vladimir B"]
[Result "1/2-1/2"]
[WhiteElo "2545"]
[BlackElo "2490"]
[PlyCount "33"]
[EventDate "1976.08.??"]
[Source "www.chesslib.no"]
[SourceDate "2004.05.04"]

1. e4 c5 2. Nf3 Nc6 3. d4 cxd4 4. Nxd4 Nf6 5. Nc3 d6 6. Bg5 e6 7. Qd3 a6 8. f4 Bd7 9. Be2 Be7 10. Rd1 Qb6 11. Nb3 Rd8 12. a3 O-O 13. Qf3 Ne8 14. Bxe7 Nxe7 15. Qf2 Qc7 16. O-O Nf6 17. Bf3 1/2-1/2

[Event "JUG-Cup"]
[Site "Herceg Novi"]
[Date "2000.??.??"]
[Round "3"]
[White "Todorovic, Jovan"]
[Black "Nevednichy, Vladislav"]
[Result "1/2-1/2"]
[WhiteElo "2428"]
[BlackElo "2589"]
[PlyCount "118"]
[EventDate "2000.??.??"]
[Source "www.chesslib.no"]
[SourceDate "2004.05.04"]

1. e4 c5 2. Nf3 d6 3. d4 cxd4 4. Nxd4 Nf6 5. Nc3 Nc6 6. Bg5 e6 7. Qd3 a6 8. Rd1 Be7 9. Be2 Qb6 10. Nb3 O-O 11. Bxf6 gxf6 12. O-O Kh8 13. Kh1 Qc7 14. f4 b5 15. Bh5 b4 16. Ne2 a5 17. Rf3 e5 18. f5 Ba6 19. Qd2 Bxe2 20. Qxe2 a4 21. Rh3 Rg8 22. Nc1 Rg7 23. Qc4 Rc8 24. Nd3 Qb8 25. Qa6 a3 26. bxa3 bxa3 27. c3 Qc7 28. Qxa3 d5 29. Qa4 dxe4 30. Qxe4 Qa5 31. Nb4 Nxb4 32. cxb4 Qxb4 33. Qxb4 Bxb4 34. Rb3 Bf8 35. Bf3 Rg5 36. g4 h5 37. h3 e4 38. Bxe4 hxg4 39. hxg4 Rxg4 40. Rh3+ Kg7 41. Rg1 Rg5 42. Rhg3 Be7 43. Bd5 Rh8+ 44. Kg2 Bd6 45. Rxg5+ fxg5 46. Rb1 g4 47. Rb7 Rh2+ 48. Kf1 Kf6 49. Rxf7+ Ke5 50. Bg2 Rh8 51. Bb7 Rh2 52. Bg2 g3 53. Ra7 Kxf5 54. Rf7+ Kg5 55. Rg7+ Kf6 56. Rg4 Rh5 57. Bf3 Rc5 58. Re4 Rc2 59. Re2 Rxe2 1/2-1/2

[Event "Oberliga Ost-B 0102"]
[Site "?"]
[Date "2001.11.11"]
[Round "3.1"]
[White "Jakubiec Artur"]
[Black "Ragozin Evgeni"]
[Result "1-0"]
[WhiteElo "2497"]
[BlackElo "2429"]
[PlyCount "65"]
[EventDate "2001.??.??"]
[Source "www.chesslib.no"]
[SourceDate "2004.05.04"]

1. e4 c5 2. Nf3 d6 3. d4 cxd4 4. Nxd4 Nf6 5. Nc3 Nc6 6. Bg5 e6 7. Qd3 a6 8. O-O-O h6 9. Bh4 Ne5 10. Qe2 g5 11. Bg3 Qc7 12. h4 Rg8 13. hxg5 hxg5 14. f3 Bd7 15. Kb1 b5 16. Rc1 Rc8 17. Nd1 Nc4 18. c3 Qb7 19. Nf2 Be7 20. Rh6 Ne5 21. Nd3 Ng6 22. Qd2 Rd8 23. Be2 Qc8 24. Nb4 e5 25. Nf5 Bxf5 26. exf5 Qxf5+ 27. Bd3 Qc8 28. c4 bxc4 29. Bxc4 Qf5+ 30. Bd3 Qe6 31. Nxa6 Kf8 32. Nc7 Qd7 33. Qc2 1-0

[Event "Moscow RUS"]
[Site "?"]
[Date "2005.02.20"]
[Round "6"]
[White "Khruschiov Alexey"]
[Black "Dzhakaev Dzhakay"]
[Result "1-0"]
[WhiteElo "2436"]
[BlackElo "2476"]
[PlyCount "69"]
[EventDate "2005.??.??"]
[Source "www.chesslib.no"]
[SourceDate "2004.05.04"]

1. e4 c5 2. Nf3 d6 3. d4 cxd4 4. Nxd4 Nf6 5. Nc3 Nc6 6. Bg5 e6 7. Qd3 a6 8. O-O-O Bd7 9. Be2 h6 10. Nxc6 Bxc6 11. Bf4 d5 12. e5 Nd7 13. h4 Qb6 14. Be3 Qa5 15. f4 b5 16. f5 Nxe5 17. Qd4 Qc7 18. fxe6 fxe6 19. Bf4 Bd6 20. Bh5+ g6 21. Rhe1 Nd3+ 22. Qxd3 Bxf4+ 23. Kb1 O-O-O 24. Bg4 Kb8 25. Rxe6 d4 26. Ne4 Rhe8 27. Nc5 Ka7 28. a4 Qb6 29. Qxg6 Rxe6 30. Nxe6 Be8 31. Qf5 Be3 32. a5 Qd6 33. Nxd8 Qxd8 34. Qc5+ Kb8 35. Qe5+ 1-0

[Event "ROM-chT"]
[Site "ROM"]
[Date "2000.??.??"]
[Round "1"]
[White "Zatonskih, Anna"]
[Black "Kovalevskaya, Ekaterina"]
[Result "0-1"]
[WhiteElo "2441"]
[BlackElo "2451"]
[PlyCount "68"]
[EventDate "2000.??.??"]
[Source "www.chesslib.no"]
[SourceDate "2004.05.04"]

1. e4 c5 2. Nf3 Nc6 3. d4 cxd4 4. Nxd4 Nf6 5. Nc3 d6 6. Bg5 e6 7. Qd3 a6 8. Rd1 Bd7 9. Be2 Be7 10. O-O Qc7 11. Nb3 b5 12. a3 b4 13. axb4 Nxb4 14. Qd2 Rb8 15. Ra1 Bc6 16. Bxf6 Bxf6 17. Bxa6 O-O 18. Bd3 d5 19. Na5 Ba8 20. exd5 Nxd5 21. Nxd5 Bxd5 22. c3 Rfd8 23. Qe2 Qf4 24. Rfe1 g6 25. Rac1 Bxg2 26. Kxg2 Qg5+ 27. Kh1 Qxa5 28. b4 Qc7 29. Qf3 Kg7 30. h3 Ra8 31. Rc2 Ra3 32. Rec1 Qe5 33. Bf1 Be7 34. Qg3 Qf6 0-1

[Event "Oberliga Ost-B 0102"]
[Site "?"]
[Date "2001.11.10"]
[Round "2.2"]
[White "Grabarczyk Bogdan"]
[Black "Krivoshey Sergei"]
[Result "1/2-1/2"]
[WhiteElo "2439"]
[BlackElo "2449"]
[PlyCount "47"]
[EventDate "2001.??.??"]
[Source "www.chesslib.no"]
[SourceDate "2004.05.04"]

1. e4 c5 2. Nf3 d6 3. d4 cxd4 4. Nxd4 Nf6 5. Nc3 Nc6 6. Bg5 e6 7. Qd3 a6 8. O-O-O Bd7 9. f4 h6 10. Bh4 g5 11. fxg5 Ng4 12. Nf3 Nge5 13. Qd2 Be7 14. Bg3 hxg5 15. Bd3 Qa5 16. Kb1 Rc8 17. Rhf1 Nxf3 18. Rxf3 Ne5 19. Rff1 Rc6 20. Qf2 Qc5 21. Qe1 Qa5 22. Qf2 Qc5 23. Qe1 Qa5 24. Qf2 1/2-1/2

[Event "Tungsram"]
[Site "Budapest"]
[Date "1977.??.??"]
[Round "?"]
[White "Rajna, George"]
[Black "Spassov, Liuben"]
[Result "1/2-1/2"]
[WhiteElo "2395"]
[BlackElo "2480"]
[PlyCount "111"]
[EventDate "1977.08.??"]
[Source "ChessBase"]

1. e4 c5 2. Nf3 d6 3. d4 cxd4 4. Nxd4 Nf6 5. Nc3 e6 6. Bg5 Nc6 7. Qd3 a6 8. f4 Bd7 9. Nxc6 Bxc6 10. f5 exf5 11. exf5 Be7 12. O-O-O O-O 13. Be2 Qa5 14. Rhe1 Rfe8 15. Qg3 Kf8 16. Qh4 h6 17. Bxh6 Ne4 18. Qh5 gxh6 19. Nxe4 Bxe4 20. f6 Qxh5 21. fxe7+ Rxe7 22. Bxh5 Bxg2 23. Rg1 Be4 24. Rxd6 Rc8 25. c3 Re6 26. Rxe6 fxe6 27. Bf3 Bxf3 28. Rf1 Ke7 29. Rxf3 Rc5 30. Rh3 h5 31. Rg3 Kf6 32. Kd2 h4 33. Rg4 Rh5 34. h3 Rh7 35. Ke3 e5 36. a4 a5 37. Rc4 Kf5 38. Kf3 b6 39. Rg4 Rh6 40. Rg8 Rd6 41. Rf8+ Kg5 42. Ke4 Rd2 43. Rf5+ Kg6 44. Rxe5 Rxb2 45. Kd5 Rb3 46. c4 Rb4 47. Re4 Kg5 48. Kc6 Rxa4 49. Kxb6 Ra3 50. c5 Rxh3 51. c6 Rb3+ 52. Kxa5 Rc3 53. Kb6 h3 54. Re1 Kf4 55. c7 h2 56. Kb7 1/2-1/2

[Event "Kecskemet1"]
[Site "?"]
[Date "1991.??.??"]
[Round "10"]
[White "Tolnai Tibor"]
[Black "Sjoberg Mats"]
[Result "1/2-1/2"]
[WhiteElo "2500"]
[BlackElo "2360"]
[PlyCount "138"]
[EventDate "1991.??.??"]
[Source "www.chesslib.no"]
[SourceDate "2004.05.04"]

1. e4 c5 2. Nf3 Nc6 3. d4 cxd4 4. Nxd4 Nf6 5. Nc3 d6 6. Bg5 e6 7. Qd3 a6 8. O-O-O h6 9. Bh4 Bd7 10. f4 g5 11. fxg5 Ng4 12. Nxc6 Bxc6 13. Be2 Ne5 14. Qd4 hxg5 15. Bg3 Qa5 16. Rhf1 O-O-O 17. h3 Be7 18. Qa7 Rhf8 19. Kb1 Kc7 20. Qd4 f6 21. Bc4 Bd7 22. Bb3 Rb8 23. Qd2 Kd8 24. Qe3 b6 25. Ne2 Qc5 26. Nd4 Nc4 27. Bxc4 Qxc4 28. Ne2 e5 29. Nc3 Be6 30. Rfe1 Qc5 31. Qc1 f5 32. exf5 Rxf5 33. Ne4 Qa5 34. a3 Kc7 35. Re3 Rd8 36. Nc3 Qc5 37. Red3 d5 38. Qd2 Kb7 39. Rf3 d4 40. Ne2 Rxf3 41. gxf3 Qb5 42. Ka1 Bf6 43. Nc1 Bxh3 44. Re1 Be6 45. Nd3 Qd5 46. b3 Qxf3 47. Bxe5 Rd5 48. Bxf6 Qxf6 49. Qg2 Ka7 50. Nb4 d3+ 51. Ka2 d2 52. Rd1 Qc3 53. Qe2 Rd6 54. Qxa6+ Kb8 55. Qe2 g4 56. Qe4 Bc8 57. Qf4 Qc7 58. Rxd2 Rxd2 59. Qxd2 g3 60. Nd5 Qd6 61. Qg5 Ka7 62. Ne3 Bb7 63. a4 Qc7 64. Kb2 Be4 65. c4 Qd6 66. Qg7+ Ka6 67. Qc3 g2 68. Nxg2 Bxg2 69. b4 Ka7 1/2-1/2

[Event "Ch Macedonia (team)"]
[Site "Struga (Macedonia)"]
[Date "2007.07.26"]
[Round "4"]
[White "Popov Venci (MKD)"]
[Black "Dancevski Orce (MKD)"]
[Result "0-1"]
[WhiteElo "2400"]
[BlackElo "2424"]
[PlyCount "128"]
[EventDate "2007.??.??"]
[Source "www.chesslib.no"]
[SourceDate "2004.05.04"]

1. e4 c5 2. Nf3 d6 3. d4 cxd4 4. Nxd4 Nf6 5. Nc3 Nc6 6. Bg5 e6 7. Qd3 a6 8. O-O-O h6 9. Nxc6 bxc6 10. Bf4 d5 11. Qe3 Be7 12. Be2 Qa5 13. exd5 cxd5 14. Qg3 Rg8 15. Bf3 Bb7 16. Bc7 Qb4 17. a3 Qc4 18. Bd6 Rc8 19. Rd3 g5 20. h3 Bxd6 21. Qxd6 Qc7 22. Qb4 a5 23. Qd4 Ke7 24. Re1 Rgd8 25. Kb1 Qc5 26. Qxc5+ Rxc5 27. Na4 Rc7 28. Nc3 Kd7 29. Nb5 Rc5 30. Nd4 a4 31. c3 Ba6 32. Rde3 Bc4 33. Bd1 Ra8 34. Rf3 Ke7 35. Nf5+ Kf8 36. Nd6 Kg7 37. Nxc4 Rxc4 38. Bc2 Nd7 39. Rd3 Kf6 40. Red1 Nb6 41. Rd4 Ke5 42. g3 Rb8 43. Ka2 Kd6 44. Rxc4 Nxc4 45. b3 axb3+ 46. Bxb3 Kc5 47. a4 Na5 48. Rb1 e5 49. g4 f6 50. f3 Rb6 51. Rb2 d4 52. cxd4+ exd4 53. Rc2+ Kb4 54. Bg8 Kxa4 55. Rd2 Rd6 56. Kb2 Kb4 57. Kc2 Nc4 58. Bxc4 Kxc4 59. Rd1 Ra6 60. Rb1 Ra2+ 61. Kd1 Kc3 62. Rb6 Ra1+ 63. Ke2 d3+ 64. Ke3 Re1+ 0-1

[Event "LAT Ch"]
[Site "Latvia"]
[Date "1980.??.??"]
[Round "?"]
[White "Zhuravliov, Valerij"]
[Black "Lanka, Zigurds"]
[Result "1-0"]
[WhiteElo "2475"]
[BlackElo "2340"]
[PlyCount "63"]
[EventDate "1980.??.??"]
[Source "www.chesslib.no"]
[SourceDate "2004.05.04"]

1. e4 c5 2. Nf3 d6 3. d4 cxd4 4. Nxd4 Nf6 5. Nc3 Nc6 6. Bg5 e6 7. Qd3 a6 8. Rd1 h6 9. Bc1 Bd7 10. Be2 Nxd4 11. Qxd4 Bc6 12. O-O Be7 13. Rd3 Qc7 14. Rg3 Rg8 15. b4 b5 16. Re1 Qb7 17. Bd1 O-O-O 18. a4 Kb8 19. axb5 axb5 20. Be3 Nd7 21. Be2 e5 22. Qd3 f5 23. exf5 d5 24. Nxb5 d4 25. Nxd4 exd4 26. Bf4+ Kc8 27. Qc4 Bh4 28. Rg6 Bf6 29. b5 Qxb5 30. Qxb5 Bxb5 31. Bxb5 Nc5 32. Bxh6 1-0

[Event "BL2-Ost 0001"]
[Site "Germany"]
[Date "2000.10.15"]
[Round "1.2"]
[White "Grabarczyk, Bogdan"]
[Black "Arnold, Johannes"]
[Result "1-0"]
[WhiteElo "2439"]
[BlackElo "2312"]
[PlyCount "109"]
[EventDate "2000.10.15"]
[Source "ChessBase"]
[SourceDate "2001.07.03"]

1. e4 c5 2. Nf3 Nc6 3. d4 cxd4 4. Nxd4 Nf6 5. Nc3 d6 6. Bg5 e6 7. Qd3 a6 8. O-O-O h6 9. Nxc6 bxc6 10. Bf4 d5 11. Be2 Be7 12. Qg3 Kf8 13. Bc7 Qd7 14. Be5 Qb7 15. f4 Bd7 16. f5 dxe4 17. Nxe4 exf5 18. Nd6 Bxd6 19. Bxd6+ Kg8 20. Be5 Kh7 21. Bxf6 gxf6 22. Qh4 Be6 23. Qxf6 Qc7 24. Bd3 Qf4+ 25. Kb1 Qg5 26. Qc3 Qg7 27. Qxg7+ Kxg7 28. Rhf1 Rhd8 29. Rf4 Rd5 30. Rdf1 Re8 31. b3 a5 32. R1f3 Re5 33. Kb2 c5 34. Rh4 Rd8 35. Rg3+ Kf6 36. Rxh6+ Ke7 37. Rh4 c4 38. Bxc4 Bxc4 39. Rxc4 Rd2 40. Rc7+ Kf6 41. Rc6+ Ke7 42. Rg5 Kd7 43. Rc4 Ke6 44. h4 Re4 45. Rc6+ Kd5 46. Rc8 Ke6 47. Rc6+ Kd5 48. Rf6 Ree2 49. Rgxf5+ Ke4 50. Rc5 a4 51. Rxf7 Rxg2 52. h5 axb3 53. axb3 Rh2 54. Rf6 Kd4 55. Rff5 1-0